000 00818cam a22002291 4500
001 ne 64001233
003 DLC
005 20260227111800.0
008 870505s1962 au ab 000 0 arar
010 _ane 64001233
025 _aPL480: UAR-3032
035 _a(OCoLC)23514840
040 _aDLC
_cMiU
_dDLC
042 _apremarc
050 0 0 _aD198.4.H25
_bS2
100 1 _aSaʻdāwī, Naẓīr, Ḥassān.
245 1 3 _aal-Shaykh ʻīsá,
_bqiṣṣah wāqiʻīyah li-shābb ʻIrāqī ʻamila bi-jaysh Ṣalāḥ al-Dīn,
_ctaʻlīf Nazīr Ḥassān Saʻdāwī.
260 _a[al-Qāhirah]
_bMaktabat al-Nahḍah [al-Miṣrīyah,
_c1962]
300 _a60 p.
_billus., map.
_c17 cm.
490 0 _aMin aḅtāl al-qawmīyah al-ʻArabīyah.
600 1 0 _aHakkārī, ʻIsā ibn Muḥammad,
_d-1189
_vJuvenile literature.
999 _c47027
_d47027